| 000 | 00782npc a2200229Ia 4500 | ||
|---|---|---|---|
| 001 | onu22-28074 [d000003280] | ||
| 003 | IT-MiCISF | ||
| 008 | 161014s9999||||xx | und|| | ||
| 040 |
_aIT-MiCISF _cIT-MiCISF |
||
| 041 | _aen | ||
| 100 | _aLégaré Jacques | ||
| 240 | _aLiving Arrangements of Older Persons in Canada: Effects on Their Socio-Economic Conditions | ||
| 245 | 0 | _aLiving Arrangements of Older Persons in Canada: Effects on Their Socio-Economic Conditions | |
| 250 | _a1a ed. | ||
| 260 |
_a New York-Geneva _bUnited Nations _c1998 |
||
| 300 | _app. 102 | ||
| 500 | _aMartel L., Stone L.O., Denis H. / anziani, abitazione, pensionamento, sanità, reddito / | ||
| 650 | _aterza-età | ||
| 700 | _aAA.VV. | ||
| 942 | _cDD | ||
| 957 | _71 | ||
| 999 |
_a28074 _bsi _g1 _c206026 _d206026 |
||